Aggiunta iniziale sillabica - Statistics

Statistiche generali
  • Questo quiz è stato fatto 47 volte
  • Il punteggio medio è 4 su 15
Statistiche sulle risposte
Soluzione Indizio % Corretto
PRO mettere, lasso, cedere
65%
NA babbo, tante, tale
53%
COL laterale, lega, limare
50%
VA ligia, scolare, lidi
35%
STRA piombo, volgere, zio
33%
SU pino, turare, per
30%
MI lite, rare, raggio
25%
CA stagno, mere, pace
23%
FRA terno, seggio, gola
20%
AT tendere, tirare, tentare
18%
DE finito, cotto, dotto
15%
GIO viale, cose, vani
15%
TEO remi, logo, rizzare
15%
STO nato, rione, lido
13%
TE nero, stare, tanica
10%
Nessun quiz corrispondente trovato
Distribuzione punteggi
Percentuale di utenti per punteggio
Percentile per numero di risposta
I tuoi punteggi nel tempo
Non hai fatto questo quiz